Afghanistan in world politics : (a study of Afghan-U.S. relations) /

Bibliographic Details
Main Author: Ma'aroof, Mohammad Khalid
Format: Book
Language:English
Published: Delhi, India : Gian Pub. House ; [1987]
Subjects:

MARC

Tag First Indicator Second Indicator Subfields
LEADER 00000cam a2200000 a 4500
001 in00000020908
005 20151007055523.0
008 880215s1987 ii b 00110 eng d
020 |a 8121200970 
035 |a (OCoLC)17474395 
035 |9 AAB8477AM 
040 |a TXK  |c TXK  |d AAA  |d TXA  |d UtOrBLW 
049 |a TXAM  |c [A11668313] 
050 4 |a DS357.6.U6  |b M37 1987 
100 1 |a Ma'aroof, Mohammad Khalid. 
245 1 0 |a Afghanistan in world politics :  |b (a study of Afghan-U.S. relations) /  |c Mohammad Khalid Ma'aroof. 
264 1 |a Delhi, India :  |b Gian Pub. House ;  |c [1987] 
264 2 |a New York, NY :  |b Distributed by Advent Books, 
264 4 |c ©1987 
300 |a x, 164 pages ;  |c 22 cm. 
336 |a text  |b txt  |2 rdacontent 
337 |a unmediated  |b n  |2 rdamedia 
338 |a volume  |b nc  |2 rdacarrier 
500 |a Distributor from label preceeding title page. 
504 |a Bibliography: pages [146]-156. 
500 |a Includes index. 
651 0 |a Afghanistan  |x Foreign relations  |z United States. 
651 0 |a United States  |x Foreign relations  |z Afghanistan. 
740 2 |a A study of Afghan-U.S. relations. 
999 |a MARS 
999 f f |s ea4c7f1a-2e55-325b-886d-b12e381ca903  |i eee6b217-4cbd-34a1-9a81-0d28ffce8a40  |t 0 
952 f f |p ric  |a Texas A&M University  |b Rellis Campus  |c Joint Library Facility  |d Remote Storage  |t 0  |e DS357.6.U6 M37 1987  |h Library of Congress classification  |i unmediated -- volume  |m A14811668313 
998 f f |a DS357.6.U6 M37 1987  |t 0  |l Remote Storage